Statystyki dla Kto wygrał wtedy Mundial?

Kliknij tutaj aby rozwiązać quiz!

Ogólne statystyki

  • Ten quiz został rozwiązany 1 179 razy
  • Średni wynik to 17 z 21

Statystyki odpowiedzi

ROKREPREZENTACJA% Poprawnych
2018Francja
96%
1998Francja
96%
2002Brazylia
95%
1958Brazylia
95%
1962Brazylia
95%
1994Brazylia
95%
1970Brazylia
95%
2014Niemcy
94%
1986Argentyna
91%
1978Argentyna
91%
2010Hiszpania
87%
1934Włochy
86%
1982Włochy
86%
2006Włochy
86%
1938Włochy
86%
1950Urugwaj
85%
1930Urugwaj
85%
1966Anglia
70%
1974RFN
36%
1990RFN
36%
1954RFN
36%

Rozkład punktacji

Percentyl według liczby udzielonych odpowiedzi

Procent ludzi z każdym wynikiem

Twoja historia wyników

Nie rozwiązałeś tego quizu